| 000 | 01445nam a2200241Ia 4500 | ||
|---|---|---|---|
| 003 | Ost | ||
| 005 | 20260507075158.0 | ||
| 008 | 260507s9999||||xx |||||||||||||| ||und|| | ||
| 040 | _cfsecg | ||
| 041 | _aara | ||
| 082 | _a330 | ||
| 100 |
_aالرحاحلة، عبد الرزاق _eمؤلف |
||
| 245 | 0 |
_aدراسة متعمقة في ادارة الاعمال الدولية / _c عبد الرزاق الرحاحلة |
|
| 260 |
_aعمان: _bمكتبة المجتمع العربي, _c2009 |
||
| 300 |
_a316 صفحة؛ _c24 سم |
||
| 504 | _aمراجع ص.313 | ||
| 520 | _aمفاهيم الادارة المالية الدولية و أساسياتها و تطورها ونظرية الشركة متعدية القومية و نظريات الأستثمار الخارجي اضافة الى ميزان المدفوعات أسعار العملات و ادارة الأعمال الدولية العكسية و بيئة الادارة الدولية مع نماذج وصيغ جديدة للمنظمات على المستوى المكاني والبيئة الثقافية و مصادر التمويل المتاحة للتمويل و الهيكل المالي للشركة و مفهوم تكلفة راس المال . | ||
| 653 | _aإدارة الاعمال | ||
| 653 | _aالإدارة المالية | ||
| 653 | _aالعلاقات الدولية | ||
| 700 |
_aديري، زاهد محمد _eمؤلف ثانوي |
||
| 942 | _cكتاب | ||
| 999 |
_c43382 _d43382 |
||